Statistiques concernant Culture Générale - Thème Scolaire #1

Cliquez ici pour prendre le quiz!

Statistiques générales

  • Ce quiz a été pris 710 fois
  • Le résultat moyen est 23 sur 60

Statistiques - réponses

CatégorieQuestionRéponse% Correct
Quelle conjonction de coordination est oubliée dans la suite de mots suivante : '' Et, or, mais, ni, donc, ou'' ?Car
90%
Quelle chanson de Prince pourrait se traduire par ''Pluie violette'' en français ?Purple Rain
75%
Mathématiques12 x 14 = ?168
73%
Dans l'équation 2x + 4 - 14 = 2 , quelle peut être la valeur de x ?6
73%
Quel est le symbole de l'argent dans ce tableau ?Ag
69%
Comment dit-on ''enfants'' en allemand ?Kinder
67%
Quel jour de l'année fête-t-on l'indépendance des Etats-Unis d'Amérique ?Le 4 juillet
66%
Quelle est la bonne orthographe de la phrase : '' L'ipodraume deus Vychies oreient dut fairmé katorse moa pourre quause deux trraaveausL'Hippodrome de Vichy aurait dû fermer quatorze mois pour cause de travaux
66%
Comment se nomme la septième planète du système solaire ?Uranus
64%
Quelle chanteuse anglaise a enregistré le titre Skyfall en 2012 ?Adèle
61%
Finissez la suite logique : I, you, he, she, it...We, you, they
60%
Quel club est le plus titré de championnat de France de FootballASSE
58%
Quel animal aquatique appelle-t-on ''shrimp'' en anglaisLa crevette
56%
Comment de côtés comportent le polygone appelé ''ennéagone'' ?9
55%
Quel homme est connu pour l'invention de l'imprimerie ?Johannes Gutenberg
55%
Comment appelle-t-on le résultat d'une division ?Le quotient
55%
Quel pays est le seul à ne pas avoir un drapeau rectangulaire ?Le Népal
54%
Quel emblème de la France doit-on à Claude Joseph Rouget de Lisle ?La Marseillaise
53%
FrançaisA quel temps est conjugué le verbe entretenir sous la forme ''Nous eûmes entretenu'' ?Passé antérieur de l'indicatif
53%
De quel empire François-Ferdinand dont l'assassinat a précipité la Première Guerre mondiale, était-il l'héritier ?Autriche-Hongrie
51%
Quel ministre est également nommé le ''Garde des sceaux'' ?Le Ministre de la Justice
51%
Quel animal endémique de l'Ile Maurice a disparu au XVIIème siècle ?Le dodo
50%
Que compose l'ensemble des députés élus par les citoyens ?L'Assemblée Nationale
49%
Qui est l'auteur de la nouvelle Boule de Suif ?Guy de Maupassant
47%
GéographieQuelle est la capitale du Guatemala ?Guatemala
44%
Education Civique - PolitiqueQuel mot se définit comme ''principe de séparation dans l'État de la société civile et de la société religieuse'' ?La laïcité
43%
Arts PlastiquesQuelle est la couleur complémentaire du jaune ?Le violet
42%
Quelle est l'aire du triangle rectangle dont la longueur des côtés adjacents à l’hypoténuse sont 4cm et 12cm ?24
40%
Comment appelle-t-on les ions chargés négativement ?Les anions
40%
AnglaisSpoil (gâcher/ gâter) est un verbe irrégulier. Quelle est sa forme conjuguée au participé passée ?Spoilt
38%
Dans quel pays trouve-t-on le lac le plus profond du monde ?La Russie
37%
HistoireQuel était le nom de la place principale d'Athènes pendant l'Antiquité ?L'Agora
35%
De quel courant artistique Dali est-il l'un des grands représentants ?Le surréalisme
35%
Quel os est situé dans l'arrière bras ?L'humérus
35%
SportQuel est le sportif le plus médaillé de l'histoire des Jeux Olympiques modernes ?Michael Phelps
35%
Physique - ChimieA qui doit-t-on le tableau périodique des éléments ?Dmitri Mendeleïev
34%
Comment dit-on bonjour en chinois ?Nǐ hǎo
33%
Quel département français porte le numéro 58 ?La Nièvre
32%
Mon 1er doit être sélectif, mon 2nd est au nombre de quatre dans un carré, mon tout est un instrument de musique.Triangle
31%
Si on parle de fairway, d'albatros et de wedge, quel sport pratique-t-on ?Le golf
29%
Comment nomme-t-on le conduit naturel par lequel passe la lave lors d'une éruption volcanique ?La Cheminée
27%
Dans quel roman trouve-t-on pour la première fois le sous-marin Nautilus ?Vingt Mille Lieues sous les Mers
26%
Quel terme italien utilise-t-on pour désigner la diminution progressive de l'intensité d'un sonDecrescendo
25%
What is the name of the United Kingdom and 15 other Commonwealth realms's Queen ?Elizabeth II
25%
Autres langues vivantesQuel mot espagnol se traduit par ''vague'' en français ?Ola
22%
Quelle danse des années 1920 tient son nom d'une ville de Caroline du Sud ?Le Charleston
21%
Quel nom porte la fête traditionnelle bretonne ?Le Fest-Noz
19%
Sciences naturellesComment appelle-t-on l'organe reproducteur mâle des fleurs ?L'étamine
17%
Quelle expression italienne est devenue courante en France après un film des années 1960 ?La Dolce Vita
16%
Dans un circuit électrique, si la pile est le générateur, quel rôle a la lampe ?Récepteur
16%
Quel architecte a vu une grande partie de son oeuvre être inscrit au Patrimoine mondiale de l'UNESCO en 2016 ?Le Corbusier
15%
Quel outil à dent recherche-t-on lors d'une course d'orientation ?Un poinçon
14%
Quel est l'équivalent du troubadour dans la langue d'oïl ?Le Trouvère
13%
Comment appelle-t-on un décor fait d'une seule couleur déclinée en plusieurs contrastes ?Un camaïeu
13%
Quel roi a directement succédé à Charlemagne ?Louis Ier
11%
LatinQuel teinture alcoolique est le nom d'un des quatre villages romains entourant le village d'Astérix ?Laudanum
10%
Quel est le nom de zone atmosphérique située à environ moins de 10 km hauteur de la couche terrestre ?La troposphère
8%
A quelle artiste doit-on La Colonne brisée ?Frida Kahlo
6%
MusiqueQui a composé ''Le Sacre du Printemps'' ?Igor Stravinsky
6%
Quelle est la ville française de plus de 100 000 habitants située le plus au sud ?Saint-Paul
3%

Distribution des résultats

Percentile par nombre de réponses

% des personnes avec chaque résultat

Votre développement - résultats

Vous n’avez pas pris ce quiz